[Event "Team Championship Russia (Rapid, Men)"]
[Site "Sochi"]
[Date "2018.10.08"]
[Round "1.35"]
[White "Terzyan, Nazar"]
[Black "Kozionov, Kirill"]
[Result "0-1"]
[BlackElo "2475"]
[WhiteElo "1935"]
[LiveChessVersion "1.4.8"]

1. e4 {[%clk 0:13:50]} c5 {[%clk 0:15:19]} 2. Nf3 {[%clk 0:13:57]} d6
{[%clk 0:15:28]} 3. d4 {[%clk 0:14:06]} cxd4 {[%clk 0:15:37]} 4. Qxd4
{[%clk 0:14:13]} a6 {[%clk 0:15:44]} 5. c4 {[%clk 0:13:46]} Nc6 {[%clk 0:15:51]}
6. Qd1 {[%clk 0:12:26]} g6 {[%clk 0:15:48]} 7. Be2 {[%clk 0:10:45]} Bg7
{[%clk 0:15:47]} 8. O-O {[%clk 0:10:49]} Bg4 {[%clk 0:15:30]} 9. Nc3
{[%clk 0:09:43]} Nf6 {[%clk 0:14:13]} 10. Be3 {[%clk 0:09:29]} Nd7
{[%clk 0:13:30]} 11. Rc1 {[%clk 0:08:27]} O-O {[%clk 0:13:05]} 12. h3
{[%clk 0:08:27]} Bxf3 {[%clk 0:13:13]} 13. Bxf3 {[%clk 0:08:35]} Rc8
{[%clk 0:12:39]} 14. b3 {[%clk 0:08:20]} Nc5 {[%clk 0:10:47]} 15. Qd2
{[%clk 0:04:33]} Qa5 {[%clk 0:10:41]} 16. Rfd1 {[%clk 0:03:50]} Rfe8
{[%clk 0:08:53]} 17. Nd5 {[%clk 0:03:36]} Qxd2 {[%clk 0:08:50]} 18. Rxd2
{[%clk 0:03:44]} Ne5 {[%clk 0:08:55]} 19. Rcd1 {[%clk 0:03:24]} Kf8
{[%clk 0:06:49]} 20. Nb6 {[%clk 0:02:36]} Rc6 {[%clk 0:06:46]} 21. Bxc5
{[%clk 0:02:45]} Rxc5 {[%clk 0:06:27]} 22. Be2 {[%clk 0:02:51]} Bh6
{[%clk 0:05:00]} 23. Rd4 {[%clk 0:02:22]} Rc6 {[%clk 0:04:37]} 24. Nd5
{[%clk 0:02:27]} Rb8 {[%clk 0:04:30]} 25. f4 {[%clk 0:02:05]} Nd7
{[%clk 0:04:38]} 26. g3 {[%clk 0:02:13]} Bg7 {[%clk 0:03:53]} 27. R4d2
{[%clk 0:02:13]} Nc5 {[%clk 0:03:38]} 28. Bf3 {[%clk 0:02:21]} a5
{[%clk 0:01:53]} 29. Kg2 {[%clk 0:02:09]} Rd8 {[%clk 0:01:39]} 30. h4
{[%clk 0:01:22]} e6 {[%clk 0:01:30]} 31. Ne3 {[%clk 0:01:30]} Ke7
{[%clk 0:01:22]} 32. e5 {[%clk 0:01:34]} Rb6 {[%clk 0:01:32]} 33. Nc2
{[%clk 0:00:55]} Rd7 {[%clk 0:01:35]} 34. exd6+ {[%clk 0:00:40]} Rbxd6
{[%clk 0:01:44]} 35. Rxd6 {[%clk 0:00:43]} Rxd6 {[%clk 0:01:53]} 36. Na3
{[%clk 0:00:49]} Rxd1 {[%clk 0:01:26]} 37. Bxd1 {[%clk 0:00:57]} Nd3
{[%clk 0:01:00]} 38. Nb5 {[%clk 0:00:54]} b6 {[%clk 0:00:45]} 39. Kf3
{[%clk 0:00:54]} h5 {[%clk 0:00:36]} 40. Ke3 {[%clk 0:00:54]} Nc5
{[%clk 0:00:39]} 41. Bc2 {[%clk 0:00:57]} Bh6 {[%clk 0:00:34]} 42. Nd4
{[%clk 0:01:01]} Kd6 {[%clk 0:00:35]} 43. Nb5+ {[%clk 0:01:09]} Kd7
{[%clk 0:00:40]} 44. Nd4 {[%clk 0:01:13]} e5 {[%clk 0:00:46]} 45. Nf3
{[%clk 0:01:15]} exf4+ {[%clk 0:00:51]} 46. gxf4 {[%clk 0:01:23]} Ke7
{[%clk 0:00:27]} 47. Ng5 {[%clk 0:01:22]} Bg7 {[%clk 0:00:30]} 48. a3
{[%clk 0:01:16]} Na6 {[%clk 0:00:30]} 49. Ne4 {[%clk 0:01:21]} Bb2
{[%clk 0:00:36]} 50. a4 {[%clk 0:01:29]} Bg7 {[%clk 0:00:20]} 51. Bd1
{[%clk 0:01:38]} Kd7 {[%clk 0:00:17]} 52. Ng5 {[%clk 0:01:43]} Ke7
{[%clk 0:00:23]} 53. Ne4 {[%clk 0:01:51]} Nb4 {[%clk 0:00:21]} 54. c5
{[%clk 0:02:00]} bxc5 {[%clk 0:00:18]} 55. Nxc5 {[%clk 0:02:08]} Nd5+
{[%clk 0:00:15]} 56. Kf3 {[%clk 0:02:14]} Bf6 {[%clk 0:00:20]} 57. Nb7
{[%clk 0:02:21]} Bc3 {[%clk 0:00:27]} 58. Nc5 {[%clk 0:02:27]} Bd2
{[%clk 0:00:27]} 59. Nd3 {[%clk 0:02:34]} Kd6 {[%clk 0:00:18]} 60. Ke4
{[%clk 0:02:25]} Nc3+ {[%clk 0:00:24]} 61. Kf3 {[%clk 0:02:29]} Nxd1
{[%clk 0:00:28]} 62. Ke2 {[%clk 0:02:38]} Bxf4 {[%clk 0:00:14]} 63. Nxf4
{[%clk 0:02:44]} Nc3+ {[%clk 0:00:22]} 64. Kd3 {[%clk 0:02:51]} Nd5
{[%clk 0:00:18]} 65. Ng2 {[%clk 0:02:57]} Kc5 {[%clk 0:00:18]} 66. Ke4
{[%clk 0:02:41]} f6 {[%clk 0:00:19]} 67. Kd3 {[%clk 0:02:50]} Kb4
{[%clk 0:00:17]} 68. Kd4 {[%clk 0:02:42]} Ne7 {[%clk 0:00:26]} 69. Ne3
{[%clk 0:02:36]} Kxb3 {[%clk 0:00:21]} 70. Nc4 {[%clk 0:02:41]} Kxa4
{[%clk 0:00:25]} 71. Nb6+ {[%clk 0:02:24]} Kb3 {[%clk 0:00:23]} 72. Kc5
{[%clk 0:02:28]} a4 {[%clk 0:00:22]} 0-1

[Event "Team Championship Russia (Rapid, Men)"]
[Site "Sochi"]
[Date "2018.10.08"]
[Round "2.1"]
[White "Nepomniachtchi, Ian"]
[Black "Rakhmanov, Aleksandr"]
[Result "1-0"]
[BlackElo "2688"]
[WhiteElo "2766"]
[LiveChessVersion "1.4.8"]

1. c4 {[%clk 0:15:16]} e5 {[%clk 0:15:14]} 2. Nc3 {[%clk 0:15:23]} Bb4
{[%clk 0:15:22]} 3. Nd5 {[%clk 0:15:30]} a5 {[%clk 0:15:30]} 4. Nf3
{[%clk 0:15:32]} d6 {[%clk 0:15:17]} 5. a3 {[%clk 0:15:38]} Bc5 {[%clk 0:15:23]}
6. e3 {[%clk 0:15:47]} c6 {[%clk 0:15:22]} 7. d4 {[%clk 0:15:47]} Ba7
{[%clk 0:15:13]} 8. Nc3 {[%clk 0:15:55]} Qe7 {[%clk 0:14:32]} 9. dxe5
{[%clk 0:14:28]} dxe5 {[%clk 0:14:41]} 10. Ne4 {[%clk 0:14:37]} Nd7
{[%clk 0:10:47]} 11. Nd6+ {[%clk 0:14:27]} Kf8 {[%clk 0:10:55]} 12. Be2
{[%clk 0:14:32]} e4 {[%clk 0:08:31]} 13. Nxc8 {[%clk 0:14:40]} Rxc8
{[%clk 0:08:39]} 14. Nd4 {[%clk 0:14:48]} Ngf6 {[%clk 0:08:29]} 15. b4
{[%clk 0:14:43]} axb4 {[%clk 0:07:54]} 16. Nf5 {[%clk 0:14:05]} Qe5
{[%clk 0:07:40]} 17. Qd6+ {[%clk 0:14:14]} Qxd6 {[%clk 0:07:38]} 18. Nxd6
{[%clk 0:14:23]} Rb8 {[%clk 0:07:19]} 19. axb4 {[%clk 0:14:25]} Bb6
{[%clk 0:07:28]} 20. Bb2 {[%clk 0:14:19]} Bc7 {[%clk 0:07:27]} 21. O-O-O
{[%clk 0:14:22]} Bxd6 {[%clk 0:06:08]} 22. Rxd6 {[%clk 0:14:30]} Ke7
{[%clk 0:06:17]} 23. Rhd1 {[%clk 0:14:16]} h5 {[%clk 0:03:37]} 24. f3
{[%clk 0:11:58]} Rhd8 {[%clk 0:03:20]} 25. R6d4 {[%clk 0:11:35]} exf3
{[%clk 0:02:48]} 26. Bxf3 {[%clk 0:11:24]} g6 {[%clk 0:02:39]} 27. h3
{[%clk 0:11:04]} Ne8 {[%clk 0:02:08]} 28. b5 {[%clk 0:11:05]} c5 {[%clk 0:01:47]}
29. Re4+ {[%clk 0:11:13]} Kf8 {[%clk 0:01:55]} 30. Rf4 {[%clk 0:11:22]} Ke7
{[%clk 0:01:54]} 31. g4 {[%clk 0:11:07]} hxg4 {[%clk 0:01:56]} 32. hxg4
{[%clk 0:11:15]} Nd6 {[%clk 0:01:39]} 33. g5 {[%clk 0:10:49]} Ra8
{[%clk 0:01:41]} 34. Bxb7 {[%clk 0:09:23]} Nxb7 {[%clk 0:01:26]} 35. Re4+
{[%clk 0:09:32]} Kf8 {[%clk 0:01:33]} 36. Rh1 {[%clk 0:09:41]} f6
{[%clk 0:01:26]} 37. gxf6 {[%clk 0:09:49]} Re8 {[%clk 0:00:26]} 38. Rh8+
{[%clk 0:09:56]} Kf7 {[%clk 0:00:35]} 39. Rh7+ {[%clk 0:10:06]} Kf8
{[%clk 0:00:42]} 40. Rxe8+ {[%clk 0:09:48]} Rxe8 {[%clk 0:00:25]} 41. Rxd7
{[%clk 0:09:56]} Na5 {[%clk 0:00:34]} 42. Ba3 {[%clk 0:10:00]} Rc8
{[%clk 0:00:37]} 43. b6 {[%clk 0:10:03]} 1-0

[Event "Team Championship Russia (Rapid, Men)"]
[Site "Sochi"]
[Date "2018.10.08"]
[Round "2.2"]
[White "Rozum, Ivan"]
[Black "Potkin, Vladimir"]
[Result "1/2-1/2"]
[BlackElo "2636"]
[WhiteElo "2612"]
[LiveChessVersion "1.4.8"]

1. c4 {[%clk 0:15:17]} e5 {[%clk 0:15:16]} 2. Nc3 {[%clk 0:15:21]} Nf6
{[%clk 0:15:24]} 3. Nf3 {[%clk 0:15:25]} Nc6 {[%clk 0:15:32]} 4. e3
{[%clk 0:15:33]} Bb4 {[%clk 0:15:40]} 5. Qc2 {[%clk 0:15:42]} Bxc3
{[%clk 0:15:47]} 6. Qxc3 {[%clk 0:15:50]} Qe7 {[%clk 0:15:55]} 7. d4
{[%clk 0:14:54]} Ne4 {[%clk 0:15:59]} 8. Qd3 {[%clk 0:14:50]} exd4
{[%clk 0:16:06]} 9. Nxd4 {[%clk 0:14:58]} O-O {[%clk 0:16:13]} 10. Be2
{[%clk 0:15:07]} Qb4+ {[%clk 0:16:19]} 11. Kf1 {[%clk 0:15:15]} Qe7
{[%clk 0:16:27]} 12. f3 {[%clk 0:15:22]} f5 {[%clk 0:16:30]} 13. g3
{[%clk 0:14:54]} d6 {[%clk 0:16:21]} 14. Kg2 {[%clk 0:14:46]} Ne5
{[%clk 0:16:27]} 15. Qc2 {[%clk 0:14:43]} c5 {[%clk 0:16:30]} 16. Nb5
{[%clk 0:13:18]} a6 {[%clk 0:14:26]} 17. Nc3 {[%clk 0:12:10]} Nxc3
{[%clk 0:14:33]} 18. Qxc3 {[%clk 0:12:18]} b5 {[%clk 0:14:41]} 19. b3
{[%clk 0:11:25]} Bb7 {[%clk 0:14:44]} 20. Rf1 {[%clk 0:10:20]} b4
{[%clk 0:13:35]} 21. Qd2 {[%clk 0:09:28]} Rad8 {[%clk 0:12:33]} 22. Kg1
{[%clk 0:09:09]} d5 {[%clk 0:12:38]} 23. cxd5 {[%clk 0:09:01]} Rxd5
{[%clk 0:11:25]} 24. Qc2 {[%clk 0:08:28]} Rfd8 {[%clk 0:10:50]} 25. Qxf5
{[%clk 0:06:57]} Nd3 {[%clk 0:10:01]} 26. Qe4 {[%clk 0:07:05]} Qxe4
{[%clk 0:08:13]} 27. fxe4 {[%clk 0:07:13]} Re5 {[%clk 0:08:22]} 28. Rd1
{[%clk 0:04:12]} Bxe4 {[%clk 0:08:21]} 29. a3 {[%clk 0:04:18]} a5
{[%clk 0:05:11]} 30. axb4 {[%clk 0:04:26]} axb4 {[%clk 0:05:17]} 31. Ra5
{[%clk 0:02:49]} Red5 {[%clk 0:05:00]} 32. Bxd3 {[%clk 0:02:40]} Bxd3
{[%clk 0:02:57]} 33. Bb2 {[%clk 0:02:30]} Be4 {[%clk 0:02:41]} 34. Rxd5
{[%clk 0:02:24]} Rxd5 {[%clk 0:02:50]} 35. Ra8+ {[%clk 0:02:25]} Kf7
{[%clk 0:02:59]} 36. Ra7+ {[%clk 0:02:34]} Ke6 {[%clk 0:03:03]} 37. Bxg7
{[%clk 0:02:43]} Rd3 {[%clk 0:01:44]} 38. Ra5 {[%clk 0:02:01]} Rxe3
{[%clk 0:01:13]} 39. Rxc5 {[%clk 0:02:09]} Bd5 {[%clk 0:01:20]} 40. Rb5
{[%clk 0:01:35]} Rxb3 {[%clk 0:01:29]} 41. g4 {[%clk 0:01:24]} Bc4
{[%clk 0:01:05]} 42. Rb7 {[%clk 0:01:08]} Kd5 {[%clk 0:00:57]} 43. Bf8
{[%clk 0:00:12]} Rb1+ {[%clk 0:01:03]} 44. Kg2 {[%clk 0:00:22]} b3
{[%clk 0:01:12]} 45. Rxh7 {[%clk 0:00:30]} Rf1 {[%clk 0:00:38]} 46. Bg7
{[%clk 0:00:23]} Rf7 {[%clk 0:00:26]} 47. Rh5+ {[%clk 0:00:32]} Ke4
{[%clk 0:00:35]} 48. Bb2 {[%clk 0:00:21]} Kd3 {[%clk 0:00:37]} 49. Rf5
{[%clk 0:00:19]} Rxf5 {[%clk 0:00:32]} 1/2-1/2

[Event "Team Championship Russia (Rapid, Men)"]
[Site "Sochi"]
[Date "2018.10.08"]
[Round "2.5"]
[White "Bocharov, Ivan"]
[Black "Dubov, Daniil"]
[Result "1/2-1/2"]
[BlackElo "2697"]
[WhiteElo "2668"]
[LiveChessVersion "1.4.8"]

1. e4 {[%clk 0:15:10]} c6 {[%clk 0:15:10]} 2. d4 {[%clk 0:15:18]} d6
{[%clk 0:15:18]} 3. Nc3 {[%clk 0:15:07]} Nd7 {[%clk 0:15:27]} 4. f4
{[%clk 0:14:56]} h6 {[%clk 0:15:02]} 5. Nf3 {[%clk 0:13:40]} Qa5 {[%clk 0:14:50]}
6. e5 {[%clk 0:12:50]} e6 {[%clk 0:12:58]} 7. Bd3 {[%clk 0:12:24]} Ne7
{[%clk 0:11:23]} 8. exd6 {[%clk 0:12:04]} Nd5 {[%clk 0:10:54]} 9. Bd2
{[%clk 0:12:04]} Nxc3 {[%clk 0:10:46]} 10. Bxc3 {[%clk 0:12:13]} Qd8
{[%clk 0:10:33]} 11. Bb4 {[%clk 0:09:17]} Nf6 {[%clk 0:09:45]} 12. d7+
{[%clk 0:08:50]} Bxd7 {[%clk 0:09:33]} 13. Bxf8 {[%clk 0:08:59]} Kxf8
{[%clk 0:08:59]} 14. O-O {[%clk 0:08:32]} Qb6 {[%clk 0:08:57]} 15. Qe2
{[%clk 0:07:55]} c5 {[%clk 0:08:22]} 16. dxc5 {[%clk 0:07:18]} Qxc5+
{[%clk 0:08:18]} 17. Kh1 {[%clk 0:07:27]} g6 {[%clk 0:07:37]} 18. Ne5
{[%clk 0:07:35]} Kg7 {[%clk 0:07:37]} 19. Rf3 {[%clk 0:07:33]} Rhd8
{[%clk 0:07:16]} 20. Raf1 {[%clk 0:07:35]} Be8 {[%clk 0:07:04]} 21. Rg3
{[%clk 0:06:36]} Kf8 {[%clk 0:06:33]} 22. Rh3 {[%clk 0:05:08]} Kg7
{[%clk 0:06:19]} 23. Qe1 {[%clk 0:05:09]} h5 {[%clk 0:05:54]} 24. Qh4
{[%clk 0:04:25]} Rac8 {[%clk 0:05:36]} 25. Rg3 {[%clk 0:03:19]} Qd4
{[%clk 0:04:27]} 26. b3 {[%clk 0:03:28]} b5 {[%clk 0:03:53]} 27. Rg5
{[%clk 0:02:02]} Nh7 {[%clk 0:02:43]} 28. Rg3 {[%clk 0:02:11]} Nf6
{[%clk 0:02:50]} 29. Rg5 {[%clk 0:02:20]} Rd5 {[%clk 0:02:31]} 30. Qg3
{[%clk 0:02:23]} Ne4 {[%clk 0:02:30]} 31. Bxe4 {[%clk 0:02:19]} Qxe4
{[%clk 0:02:39]} 32. c4 {[%clk 0:01:26]} bxc4 {[%clk 0:01:43]} 33. bxc4
{[%clk 0:01:33]} Rd2 {[%clk 0:01:43]} 34. Nf3 {[%clk 0:00:38]} Rxa2
{[%clk 0:01:33]} 35. Rxh5 {[%clk 0:00:47]} Qxc4 {[%clk 0:01:33]} 36. Rg1
{[%clk 0:00:51]} Rc5 {[%clk 0:00:45]} 37. Rh3 {[%clk 0:00:57]} Bc6
{[%clk 0:00:45]} 38. f5 {[%clk 0:00:51]} Rxf5 {[%clk 0:00:44]} 39. Qb8
{[%clk 0:00:53]} Rh5 {[%clk 0:00:37]} 40. Rxh5 {[%clk 0:01:01]} gxh5
{[%clk 0:00:46]} 41. Qe5+ {[%clk 0:01:05]} Kf8 {[%clk 0:00:40]} 42. Qxh5
{[%clk 0:01:08]} Bxf3 {[%clk 0:00:32]} 43. Qxf3 {[%clk 0:01:16]} Qe2
{[%clk 0:00:21]} 44. Qf6 {[%clk 0:01:23]} Rd2 {[%clk 0:00:21]} 45. Qh6+
{[%clk 0:01:23]} Ke8 {[%clk 0:00:27]} 46. Qh8+ {[%clk 0:01:30]} Ke7
{[%clk 0:00:34]} 47. Qh4+ {[%clk 0:01:37]} Ke8 {[%clk 0:00:40]} 48. Qa4+
{[%clk 0:01:45]} Rd7 {[%clk 0:00:40]} 49. h3 {[%clk 0:01:41]} Qd3 50. Rc1 Qd4
{[%clk 0:00:38]} 51. Qb5 {[%clk 0:01:45]} Kf8 {[%clk 0:00:28]} 52. Qg5
{[%clk 0:01:48]} Rd8 {[%clk 0:00:25]} 53. Rf1 {[%clk 0:01:47]} Rd7
{[%clk 0:00:28]} 54. Rc1 {[%clk 0:01:55]} Rd8 {[%clk 0:00:35]} 55. Rf1
{[%clk 0:02:04]} Rd7 {[%clk 0:00:35]} 56. Rc1 {[%clk 0:02:13]} 1/2-1/2

[Event "Team Championship Russia (Rapid, Men)"]
[Site "Sochi"]
[Date "2018.10.08"]
[Round "2.6"]
[White "Morozevich, Alexander"]
[Black "Bocharov, Dmitry"]
[Result "1-0"]
[BlackElo "2568"]
[WhiteElo "2672"]
[LiveChessVersion "1.4.8"]

1. e4 {[%clk 0:15:18]} c6 {[%clk 0:15:08]} 2. d4 {[%clk 0:15:12]} d5
{[%clk 0:15:15]} 3. e5 {[%clk 0:15:21]} Bf5 {[%clk 0:15:19]} 4. h4
{[%clk 0:14:07]} h5 {[%clk 0:15:11]} 5. Bg5 {[%clk 0:11:48]} Qb6 {[%clk 0:15:14]}
6. Bd3 {[%clk 0:11:57]} Qxd4 {[%clk 0:15:19]} 7. Nf3 {[%clk 0:12:06]} Qg4
{[%clk 0:15:28]} 8. Bxf5 {[%clk 0:12:15]} Qxf5 {[%clk 0:15:36]} 9. O-O
{[%clk 0:12:24]} Qd7 {[%clk 0:14:17]} 10. e6 {[%clk 0:12:29]} Qxe6
{[%clk 0:14:12]} 11. Re1 {[%clk 0:12:36]} Qd6 {[%clk 0:09:03]} 12. c4
{[%clk 0:12:17]} f6 {[%clk 0:07:52]} 13. Qb3 {[%clk 0:10:06]} Nd7
{[%clk 0:07:45]} 14. Be3 {[%clk 0:10:14]} e6 {[%clk 0:04:30]} 15. Qxb7
{[%clk 0:09:41]} Rb8 {[%clk 0:03:44]} 16. Qxa7 {[%clk 0:09:49]} Rxb2
{[%clk 0:01:27]} 17. Nc3 {[%clk 0:09:29]} Ne7 {[%clk 0:01:17]} 18. Bc1
{[%clk 0:07:07]} Rc2 {[%clk 0:00:37]} 19. Ba3 {[%clk 0:04:01]} Qb8
{[%clk 0:00:45]} 20. Qe3 {[%clk 0:04:10]} e5 {[%clk 0:00:18]} 21. Qd3
{[%clk 0:03:43]} Rxc3 {[%clk 0:00:26]} 22. Qxc3 {[%clk 0:03:52]} d4
{[%clk 0:00:25]} 23. Nxd4 {[%clk 0:03:49]} exd4 {[%clk 0:00:32]} 24. Qxd4
{[%clk 0:03:55]} c5 {[%clk 0:00:15]} 25. Bxc5 {[%clk 0:03:15]} Nxc5
{[%clk 0:00:20]} 26. Qxc5 {[%clk 0:03:24]} Kf7 {[%clk 0:00:26]} 27. Rad1
{[%clk 0:02:32]} Kg6 {[%clk 0:00:22]} 28. Rxe7 {[%clk 0:01:54]} Bxe7
{[%clk 0:00:20]} 29. Qxe7 {[%clk 0:02:03]} Qf4 {[%clk 0:00:29]} 30. Rd3
{[%clk 0:01:32]} Kh7 {[%clk 0:00:23]} 31. c5 {[%clk 0:01:21]} Rb8
{[%clk 0:00:17]} 32. g3 {[%clk 0:01:19]} Qf5 {[%clk 0:00:17]} 33. Qe3
{[%clk 0:01:06]} Rb2 {[%clk 0:00:21]} 34. Rc3 {[%clk 0:01:02]} Qd5
{[%clk 0:00:20]} 35. Rc1 {[%clk 0:01:03]} Qc6 {[%clk 0:00:23]} 36. Qd3+
{[%clk 0:01:05]} Kh6 {[%clk 0:00:22]} 37. a3 {[%clk 0:00:53]} Ra2
{[%clk 0:00:21]} 38. Qb3 {[%clk 0:00:27]} Re2 {[%clk 0:00:29]} 39. Qc4
{[%clk 0:00:26]} Re4 {[%clk 0:00:32]} 40. Qd3 {[%clk 0:00:28]} g5
{[%clk 0:00:40]} 41. hxg5+ {[%clk 0:00:35]} fxg5 {[%clk 0:00:49]} 42. Rb1
{[%clk 0:00:38]} h4 {[%clk 0:00:51]} 43. Rb6 {[%clk 0:00:34]} Re1+
{[%clk 0:00:59]} 44. Qf1 {[%clk 0:00:44]} 1-0

[Event "Team Championship Russia (Rapid, Men)"]
[Site "Sochi"]
[Date "2018.10.08"]
[Round "2.7"]
[White "Maletin, Pavel"]
[Black "Savchenko, Boris"]
[Result "0-1"]
[BlackElo "2652"]
[WhiteElo "2570"]
[LiveChessVersion "1.4.8"]

1. c4 e5 {[%clk 0:15:15]} 2. g3 {[%clk 0:15:27]} Nf6 {[%clk 0:14:26]} 3. Bg2
{[%clk 0:15:34]} d5 {[%clk 0:14:33]} 4. cxd5 {[%clk 0:15:42]} Nxd5
{[%clk 0:14:41]} 5. Nc3 {[%clk 0:15:50]} Nb6 {[%clk 0:14:49]} 6. Nf3
{[%clk 0:15:58]} Nc6 {[%clk 0:14:58]} 7. O-O {[%clk 0:16:03]} Be7
{[%clk 0:15:03]} 8. d3 {[%clk 0:16:12]} O-O {[%clk 0:15:10]} 9. Be3
{[%clk 0:16:18]} Re8 {[%clk 0:15:15]} 10. a3 {[%clk 0:14:08]} Bf8
{[%clk 0:15:14]} 11. b4 {[%clk 0:13:45]} Nd4 {[%clk 0:11:30]} 12. Bxd4
{[%clk 0:13:00]} exd4 {[%clk 0:11:39]} 13. Nb5 {[%clk 0:13:09]} a5
{[%clk 0:10:25]} 14. Qd2 {[%clk 0:10:13]} axb4 {[%clk 0:07:44]} 15. axb4
{[%clk 0:10:17]} Rxa1 {[%clk 0:07:49]} 16. Rxa1 {[%clk 0:10:25]} Nd5
{[%clk 0:07:54]} 17. Rb1 {[%clk 0:08:08]} Nc3 {[%clk 0:04:19]} 18. Nxc3
{[%clk 0:06:37]} dxc3 {[%clk 0:04:26]} 19. Qc2 {[%clk 0:05:40]} g6
{[%clk 0:04:19]} 20. e3 {[%clk 0:05:27]} Bg7 {[%clk 0:04:24]} 21. Ne1
{[%clk 0:04:48]} Qe7 {[%clk 0:02:57]} 22. h4 {[%clk 0:03:56]} Bf5
{[%clk 0:01:16]} 23. Bxb7 {[%clk 0:02:03]} Rb8 {[%clk 0:01:22]} 24. Qa4
{[%clk 0:01:41]} c5 {[%clk 0:01:10]} 25. bxc5 {[%clk 0:00:51]} Qxc5
{[%clk 0:01:04]} 26. g4 {[%clk 0:00:27]} Be6 {[%clk 0:00:12]} 27. Rb5
{[%clk 0:00:22]} Bd7 {[%clk 0:00:15]} 28. Qf4 {[%clk 0:00:27]} Qxb5 29. Qxb8+
{[%clk 0:00:34]} Bf8 {[%clk 0:00:21]} 30. Qc7 {[%clk 0:00:41]} Qb1
{[%clk 0:00:21]} 31. Kg2 {[%clk 0:00:38]} Be6 {[%clk 0:00:14]} 32. Qxc3
{[%clk 0:00:12]} Qxb7+ 33. Kg3 Bb4 {[%clk 0:00:19]} 34. Qc1 {[%clk 0:00:19]} Qh1
{[%clk 0:00:25]} 0-1

[Event "Team Championship Russia (Rapid, Men)"]
[Site "Sochi"]
[Date "2018.10.08"]
[Round "2.8"]
[White "Indjic, Aleksandar"]
[Black "Khanin, Semen"]
[Result "1/2-1/2"]
[BlackElo "2523"]
[WhiteElo "2566"]
[LiveChessVersion "1.4.8"]

1. d4 {[%clk 0:15:13]} Nf6 {[%clk 0:15:18]} 2. c4 {[%clk 0:15:20]} e6
{[%clk 0:15:27]} 3. Nf3 {[%clk 0:15:18]} a6 {[%clk 0:15:35]} 4. Bg5
{[%clk 0:14:50]} d5 {[%clk 0:15:05]} 5. cxd5 {[%clk 0:14:37]} exd5
{[%clk 0:15:13]} 6. Nc3 {[%clk 0:14:46]} Be6 {[%clk 0:15:20]} 7. e3
{[%clk 0:14:56]} Nbd7 {[%clk 0:15:25]} 8. h3 {[%clk 0:15:05]} Bd6
{[%clk 0:15:18]} 9. Bf4 {[%clk 0:15:05]} Qe7 {[%clk 0:15:24]} 10. Bxd6
{[%clk 0:15:13]} Qxd6 {[%clk 0:15:32]} 11. Be2 {[%clk 0:15:19]} O-O
{[%clk 0:15:38]} 12. O-O {[%clk 0:15:23]} h6 {[%clk 0:15:43]} 13. Qc2
{[%clk 0:15:28]} Rfe8 {[%clk 0:15:40]} 14. Rfd1 {[%clk 0:15:36]} c6
{[%clk 0:15:40]} 15. Bf1 {[%clk 0:15:26]} Ne4 {[%clk 0:15:40]} 16. Nxe4
{[%clk 0:15:08]} dxe4 {[%clk 0:15:48]} 17. Nd2 {[%clk 0:15:11]} Bd5
{[%clk 0:15:43]} 18. Nb1 {[%clk 0:15:17]} f5 {[%clk 0:15:28]} 19. Nc3
{[%clk 0:15:25]} Nf6 {[%clk 0:15:36]} 20. Nxd5 {[%clk 0:15:26]} cxd5
{[%clk 0:15:05]} 21. Rac1 {[%clk 0:15:32]} Qd7 {[%clk 0:15:07]} 22. Qc7
{[%clk 0:15:36]} Rac8 {[%clk 0:15:14]} 23. Qxd7 {[%clk 0:15:01]} Nxd7
{[%clk 0:15:22]} 24. g4 {[%clk 0:15:09]} g6 {[%clk 0:14:46]} 25. Kg2
{[%clk 0:15:12]} Kf7 {[%clk 0:14:54]} 26. Be2 {[%clk 0:15:14]} Kf6
{[%clk 0:15:02]} 27. Kg3 {[%clk 0:15:22]} Nf8 {[%clk 0:14:15]} 28. Rc5
{[%clk 0:14:56]} Rxc5 {[%clk 0:13:48]} 29. dxc5 {[%clk 0:15:05]} Ke5
{[%clk 0:13:56]} 30. f4+ {[%clk 0:14:10]} exf3 {[%clk 0:14:04]} 31. Bxf3
{[%clk 0:14:17]} Rd8 {[%clk 0:14:11]} 32. gxf5 {[%clk 0:14:01]} gxf5
{[%clk 0:14:19]} 33. b4 {[%clk 0:14:00]} Ne6 {[%clk 0:14:27]} 34. h4
{[%clk 0:14:09]} Rd7 {[%clk 0:13:32]} 35. Kf2 {[%clk 0:14:17]} f4
{[%clk 0:10:26]} 36. Re1 {[%clk 0:11:10]} Ng7 {[%clk 0:07:30]} 37. a4
{[%clk 0:08:29]} fxe3+ {[%clk 0:07:17]} 38. Kxe3 {[%clk 0:08:11]} Nf5+
{[%clk 0:07:15]} 39. Kd3+ {[%clk 0:08:19]} Kf4 {[%clk 0:07:22]} 40. Rf1
{[%clk 0:07:49]} Ne3 {[%clk 0:06:31]} 41. Rf2 {[%clk 0:07:02]} Kg3
{[%clk 0:06:33]} 42. Kxe3 {[%clk 0:07:11]} Re7+ {[%clk 0:06:36]} 43. Kd4
{[%clk 0:07:20]} Kxf2 {[%clk 0:06:41]} 44. Bxd5 {[%clk 0:07:29]} Rg7
{[%clk 0:04:06]} 45. b5 {[%clk 0:07:12]} axb5 {[%clk 0:03:27]} 46. axb5
{[%clk 0:07:21]} Rg4+ {[%clk 0:02:03]} 47. Ke5 {[%clk 0:07:27]} Rg7
{[%clk 0:00:45]} 48. b6 {[%clk 0:07:10]} Ke3 {[%clk 0:00:53]} 49. h5
{[%clk 0:02:32]} Kd3 {[%clk 0:00:49]} 50. c6 {[%clk 0:01:10]} bxc6
{[%clk 0:00:47]} 51. Bxc6 {[%clk 0:01:18]} Rg8 {[%clk 0:00:11]} 52. b7
{[%clk 0:01:08]} Rb8 {[%clk 0:00:20]} 53. Kf6 {[%clk 0:01:12]} Kd4
{[%clk 0:00:29]} 54. Bg2 {[%clk 0:01:10]} Rd8 {[%clk 0:00:13]} 55. Bh3
{[%clk 0:00:53]} Rd6+ {[%clk 0:00:22]} 56. Ke7 {[%clk 0:00:17]} Rb6
{[%clk 0:00:30]} 57. Bg2 {[%clk 0:00:25]} Ke5 {[%clk 0:00:37]} 58. Kd7
{[%clk 0:00:32]} Kf6 {[%clk 0:00:44]} 59. Kc7 {[%clk 0:00:41]} Rxb7+
{[%clk 0:00:51]} 60. Kxb7 {[%clk 0:00:49]} Ke5 1/2-1/2